000 01173nam a2200289 i 4500
001 186174
003 SpMaBN
005 20260115063028.0
008 160914s2014 sp |||| | spa d
020 _a978-84-938586-1-2
080 _a94(569.4)"1799/1917"
080 _a94(569.4)"1917/48"
100 1 _aKayyali, Abdul-Wahhab,
_d1939-1981
_9160861
245 1 0 _aPalestina, una historia moderna
_b: colonización sionista, imperialismo británico y resistencia nativa hasta 1939 /
_cA.W. Kayyali ; traducción de María M. Delgado.
250 _a1ª ed. en castellano.
260 _aMadrid :
_bBósforo Libros,
_c2014.
300 _a297 p. ;
_c21 cm.
504 _aBibliografía: p. [289]-297.
651 7 _aPalestina-
_xHistoria-
_y1799-1917.
_9160862
651 7 _aPalestina-
_xHistoria-
_y1917-1948.
_99198
700 1 _aDelgado, María M.
_943425
710 2 _aComité de Solidaridad con la Causa Árabe.
_93079
852 _aES-MaACL
_jA-13906
_9193227
_bR.151151
_cDEPO1
_dOlim: N-6906
_hDonación: Santiago González-Varas Ibáñez
903 _9160818
_aGonzález-Varas Ibáñez, Santiago
_ednr
942 _2udc
_cMONOGRAFIA
999 _c186174
_d186174